| 000 | 01227nam a2200301 a 4500 | ||
|---|---|---|---|
| 008 | 951211s1980||||[C 0 slo c | ||
| 020 |
_c24 Kčs. _q(4000 výtl.) |
||
| 040 |
_aSNK _bslo _cSNK _eAACR2 |
||
| 041 | 1 |
_aslo _hslo |
|
| 044 |
_axo _cSK |
||
| 080 | _a82:061.3:885.4:087.5(08) | ||
| 080 | _a061.3 | ||
| 080 | _a885.4 | ||
| 080 | _a087.5(08) | ||
| 080 | _a82.01 | ||
| 080 | _a820/89 | ||
| 080 | _a087.5(08) | ||
| 245 | 1 | 0 |
_aUmenie a najmenší _bZborník prác z konferencie, ktorú usporiadali Kabinet lit. komunikácie a experiment. metodiky PF v Nitre, Kruh priateľov detskej knihy na Slovensku, Vydavateľstvo Mladé letá a ; Anton Popovič, Ľubomír Krátky, Mária Cebecauerová |
| 250 | _a1., vyd. | ||
| 260 |
_aBratislava _bMladé letá _c1980 _eBratislava _fStredné odborné učilište polygrafické |
||
| 300 |
_a316 s., 17,03 AH _bObr. príl. Tb. Sch. _c21 cm |
||
| 490 | 0 | _aOtázky detskej literatúry | |
| 500 | _aLit. 168. Rus. a nem. res. Venované pamiatke Jána Poliaka. 168 zázn. lit. o knihách, čl. a zbor. v jaz. slov., čes., angl., poľ. a maď. | ||
| 700 | 1 |
_aPopovič, Anton _4com |
|
| 700 | 1 |
_aKrátky, Ľubomír _4bkd |
|
| 700 | 1 |
_aCebecauerová, Mária _4bkd |
|
| 958 | _aA | ||
| 999 |
_c14904 _d14904 |
||